Ring Tread System

Bibliographic Details
Main Author: Oriani, Pietro (Author)
Format: Article
Language:German
Slovak
Subjects:

MARC

LEADER 00000nab a2200000 a 4500
001 vtls000407205
003 SK-MaSNL
005 20260302232152.0
008 150501c1989 xo 0 ger
015 |a SNBRA19rr/mm-uuuuu 
035 |a CL0407329 
040 |a SNKBUCL  |b slo  |c SNKBUCL  |e AACR2 
041 0 |a slo 
044 |a xo  |c SK 
080 |a 678.06:629.11.012.553  |2 1981 
080 |a 629.11.012.553  |2 1981 
100 1 |a Oriani, Pietro  |4 aut  |9 963979 
245 1 0 |a Ring Tread System  |c Pietro Oriani 
650 0 7 |a pneumatiky  |2 snkbucl  |9 15924 
650 0 7 |a protektorovanie  |2 snkbucl  |9 932469 
650 0 7 |a Ring Tread System  |2 snkbucl  |9 963980 
655 7 |a články zo zborníkov  |2 snkbucl  |9 166140 
773 0 |t Siedme Dni novej techniky Gumární 1. mája Púchov  |d Žilina : Dom techniky ČSVTS, 1989 
850 |a Slovenská národná knižnica v Martine  |a MTA001 
852 |a SNK  |b KIS3GCP 
958 |a RK 
958 |a DE 
992 |a RZB 
999 |c 1541727  |d 1543657